Tratado de derecho penal espaǫl. T. I, El sistema de la parte general. V. 1., Fundamentos del derecho penal espaǫl, las consecuencias jurd̕ico-penales

Detalles Bibliográficos
Autor principal: Blanco Lozano, Carlos
Formato: Desconocido
Lenguaje:español
Publicado: Barcelona : Bosch, 2005
Materias:
Acceso en línea:Acceso restringido

MARC

LEADER 00000ny a22000003n 4500
005 20110224151059.0
006 m u
007 cr cn|||||||||
008 200806r20052008sp |||||s|||||||||||spa d
020 |a 9788485267002 
035 |a 530 
040 |a FlNmELB  |c FlNmELB  |d vlex 
050 1 4 |a KKT3800  |b B641 2005eb 
080 |a 343(460)(075.8) 
090 |c 1365  |d 1365 
100 1 |a Blanco Lozano, Carlos 
245 1 0 |a Tratado de derecho penal espaǫl.  |n T. I,  |p El sistema de la parte general.  |n V. 1.,  |p Fundamentos del derecho penal espaǫl, las consecuencias jurd̕ico-penales  |h [Recurso electrn̤ico]  |c Carlos Blanco Lozano 
256 |a Servicio en ln̕ea 
260 |a Barcelona :  |b Bosch,  |c 2005 
300 |a 553 p. ; 
506 1 |a Contenido solo disponible en los productos indicados  |d vLex Global  |d vLex Global (Academic Edition, excluding Law Schools)  |d vLex Global (U.S. Academic Edition, Law Schools)  |d vLex Global (U.S. Academic Edition, excluding Law Schools)  |d vLex Global (Academic Edition, Law Schools) 
650 0 7 |a Derecho penal  |2 Tesauro vLex 
650 0 7 |a Penal  |2 Tesauro vLex 
740 0 |a vLex Libros (Servicios en ln̕ea) 
856 4 0 |z Acceso restringido  |u http://vlex.com/source/derecho-penal-espa-ol-tratado-tomo-i-530 
942 |c BOOK